000 00393nam a22001217a 4500
999 _c3739
_d3739
005 20201217100510.0
008 201217b ||||| |||| 00| 0 eng d
020 _a0887510302
040 _cCML
245 _aStoryworlds Linking Minds and Imagination through Literature.
_cAsselin M.
260 _aOntario
_bPippin Publishing Ltd
_c1991
942 _2ddc
_cBK
_e1st Edition
_h372
_mASS